Historia de la Comuna de 1871 / (Record no. 92839)

MARC details
000 -LEADER
campo de control de longitud fija 00617nam a2200193 i 4500
001 - NÚMERO DE CONTROL
campo de control 92839
003 - IDENTIFICADOR DE NÚMERO DE CONTROL
campo de control ES-MaACL
005 - FECHA Y HORA DE LA ÚLTIMA TRANSACCIÓN
campo de control 20230906181053.0
007 - CAMPO FIJO DE DESCRIPCIÓN FÍSICA--INFORMACIÓN GENERAL
campo de control de longitud fija t|
008 - DATOS DE LONGITUD FIJA--INFORMACIÓN GENERAL
campo de control de longitud fija 050329s1970 sp ||||1| spa d
100 1# - ENTRADA PRINCIPAL--NOMBRE DE PERSONA
Nombre de persona Lissagaray, Hippolyte-Prosper-Olivier.
9 (RLIN) 72545
245 10 - MENCIÓN DEL TÍTULO
Título Historia de la Comuna de 1871 /
Mención de responsabilidad, etc. Hippolyte-Prosper-Olivier Lissagaray; [traducción de R. Marín y D. Iribar].
260 ## - PUBLICACIÓN, DISTRIBUCIÓN, ETC.
Lugar de publicación, distribución, etc. Madrid :
Nombre del editor, distribuidor, etc. Artiach,
Fecha de publicación, distribución, etc. 1970.
300 ## - DESCRIPCIÓN FÍSICA
Extensión 584 p. ;
Dimensiones 19 cm.
651 #4 - PUNTO DE ACCESO ADICIONAL DE MATERIA--NOMBRE GEOGRÁFICO
Nombre geográfico París-
Subdivisión general Historia-
Subdivisión cronológica 1871, Comuna.
9 (RLIN) 9212
700 1# - ENTRADA AGREGADA--NOMBRE PERSONAL
Nombre de persona Marín, R.
9 (RLIN) 76754
700 1# - ENTRADA AGREGADA--NOMBRE PERSONAL
Nombre de persona Iribar, D.
9 (RLIN) 65449
852 4# - LOCALIZACIÓN
Ubicación ES-MaACL
Número de control de estantería C-47067
Holdings
Estatus retirado Estado de pérdida Estado de daño No para préstamo Biblioteca de origen Biblioteca actual Ubicación en estantería Fecha de adquisición Fuente de adquisición Total de préstamos Signatura topográfica completa Código de barras Visto por última vez Precio de reemplazo Tipo de ítem Koha
        Biblioteca del Ateneo de Madrid Biblioteca del Ateneo de Madrid Depósito 2 17/01/2008     C-47067 1096918 23/02/2023 23/02/2023 Libro impreso